| 000 | 00744nam a2200229Ia 4500 | ||
|---|---|---|---|
| 005 | 20251020182616.0 | ||
| 008 | 200515s9999 xx 000 0 und d | ||
| 082 | _aSC/694.5/C43 | ||
| 110 | _aIcic | ||
| 245 | 0 | _aManual del carpintero de obra negra | |
| 250 | _a4a ed. | ||
| 260 | _aMéxico,D.F. | ||
| 260 | _c1977 | ||
| 300 | _as.n. | ||
| 520 | _aEl contenido de las hojas de instrucción lo constituyen las hojas de Operaciones (HO) y las hojas de Información Tecnológica (HIT). El objetivo de las HO, es el de indicar el proceso correcto de ejecución de las operaciones, es decir, explicar como hacer. | ||
| 650 | _aCARPINTERIA | ||
| 650 | _aHIT | ||
| 650 | _aHO | ||
| 650 | _aMANUALES | ||
| 650 | _aPUB ICIC | ||
| 942 | _cLIB | ||
| 999 |
_c3517 _d3517 |
||